| 000 | 00423nam a22001457a 4500 | ||
|---|---|---|---|
| 020 | _qPB. | ||
| 040 | _cFIZZA ISHAQ | ||
| 082 |
_a025.5 _bCHR |
||
| 100 |
_aALLEN,CHRISTINE. _9134133 |
||
| 245 |
_aSKILLS FOR LIFE INFORMATION LITERACY FOR GRADES K-6 2ND EDITION / _cCHRISTINE ALLEN. |
||
| 250 | _a2nd ED. | ||
| 260 |
_bLINWORTH PUBLISHING INC WORTHINGTON,Ohio, _c1999. |
||
| 300 |
_a227 P. ; _c11.3X8.9IN |
||
| 942 |
_2ddc _cBK |
||
| 999 |
_c617073 _d617073 |
||